THREE-DIMENSIONAL FINITE ELEMENT COMPUTER MODEL OF THE FORWARD PROBLEM OF ELECTROCARDIOLOGY

Bibliographic Details
Main Authors: Maršík, F. (Author), Novotný, J. (Author), Slavíček, J. (Author), Kittnar, Otomar, 1953- (Author), Čábelka, Š. (Author)
Format: Article
Language:English

MARC

LEADER 00000nab a2200000ua 4500
001 vtls010789684
003 SK-MaSNL
005 20260303193606.0
008 230214s1996 xo |||||||||||||||||eng|
035 |a (urnnbn)urn:nbn:sk:snk:ar-a03f8v 
035 |a (uuid)daedf2c1-ac82-40c6-9983-8319b09b2f22 
035 |a urn:nbn:sk:snk-ab58u8 
040 |a SNKBUCL  |b slo  |c SNKBUCL  |e AACR2 
041 0 |a eng 
044 |a xo  |c SK 
100 1 |a Maršík, F.  |4 aut  |9 1171385 
245 1 0 |a THREE-DIMENSIONAL FINITE ELEMENT COMPUTER MODEL OF THE FORWARD PROBLEM OF ELECTROCARDIOLOGY  |c F. Maršík, J. Novotný, J. Slavíček, O. Kittnar, Š. Čábelka 
700 1 |a Novotný, J.  |4 aut  |9 6428 
700 1 |a Slavíček, J.  |4 aut  |9 363321 
700 1 |a Kittnar, Otomar,  |d 1953-  |4 aut  |9 131304 
700 1 |a Čábelka, Š.  |4 aut  |9 1224936 
773 0 |t Bratislavské lekárske listy  |g Roč. 97, č. 9 (1996), s. 550-552 
958 |a OND 
958 |a EUIPO 
958 |a article3 
999 |c 2153174  |d 2155104